[Event "Platja d'Aro op 4th"]
[Site "Platja d'Aro"]
[Date "2016.06.25"]
[Round "1"]
[White "Fluvia Poyatos, Jordi"]
[Black "Serra Labrador, Carles"]
[Result "1-0"]
[WhiteElo "2448"]
[BlackElo "1986"]
[PlyCount "37"]
[EventDate "2016.06.25"]
[EventType "swiss"]
[EventRounds "9"]
[EventCountry "ESP"]
[SourceTitle "EXT 2017"]
[Source "ChessBase"]
[SourceDate "2016.10.25"]
[SourceVersion "1"]
[SourceVersionDate "2016.10.25"]
[SourceQuality "1"]

1. e4 c5 2. Nf3 d6 3. d4 cxd4 4. Nxd4 Nf6 5. Nc3 a6 6. Nb3 e6 7. g4 h6 8. Bg2 Be7 9. Be3 Qc7 10. Qe2 Bd7 11. f4 Bc6 12. Nd4 Nbd7 13. 0-0-0 0-0 14. h4 e5 15. Nf5 Nc5 16. Bxc5 dxc5 17. g5 Nh7 18. Nd5 Bxd5 19. exd5 1-0

[Event "Girona op 2nd"]
[Site "Girona"]
[Date "2011.07.21"]
[Round "8"]
[White "Serra Labrador, Carles"]
[Black "Parramon Ros, Francesco"]
[Result "1-0"]
[WhiteElo "2022"]
[BlackElo "2042"]
[PlyCount "113"]
[EventDate "2011.07.14"]
[EventType "swiss"]
[EventRounds "9"]
[EventCountry "ESP"]
[SourceTitle "CBM 143 Extra"]
[Source "ChessBase"]
[SourceDate "2011.08.29"]
[SourceVersion "1"]
[SourceVersionDate "2011.08.29"]
[SourceQuality "1"]

1. Nf3 Nf6 2. g3 g6 3. b4 Bg7 4. Bb2 d6 5. d4 0-0 6. Bg2 c6 7. c4 Na6 8. a3 Nc7 9. Nbd2 Bf5 10. Nh4 Be6 11. e4 d5 12. e5 Ng4 13. h3 Nh6 14. c5 a5 15. 0-0 axb4 16. axb4 Rxa1 17. Qxa1 Qd7 18. Kh2 Ra8 19. Qb1 g5 20. Nhf3 Bf5 21. Qc1 g4 22. Ng1 Ne6 23. f3 gxh3 24. Nxh3 Bd3 25. Re1 Nf5 26. Nf2 Bb5 27. Nb3 Bh6 28. f4 Nxg3 29. Nh3 Ne2 30. Rxe2 Bxe2 31. Qe3 Bc4 32. Na5 Ng7 33. Ng5 Bxg5 34. fxg5 Qg4 35. Bc1 Qh4+ 36. Kg1 Nf5 37. Qf2 Qxf2+ 38. Kxf2 Nxd4 39. Be3 Nc2 40. Bd2 d4 41. Nxc4 Ra4 42. Nb6 Ra2 43. Kg3 Ra3+ 44. Kf2 Ne3 45. b5 Ng4+ 46. Ke2 Nxe5 47. bxc6 bxc6 48. Bf4 Ra2+ 49. Kf1 Nd3 50. Bg3 Nxc5 51. Bxc6 d3 52. Bf4 e6 53. Nc4 Kg7 54. Be3 Nb3 55. Be4 Ra1+ 56. Kf2 d2 57. Bxd2 1-0

[Event "Girona op 2nd"]
[Site "Girona"]
[Date "2011.07.20"]
[Round "7"]
[White "Barrera Clot, Carlos"]
[Black "Serra Labrador, Carles"]
[Result "1-0"]
[WhiteElo "2108"]
[BlackElo "2022"]
[PlyCount "143"]
[EventDate "2011.07.14"]
[EventType "swiss"]
[EventRounds "9"]
[EventCountry "ESP"]
[SourceTitle "CBM 143 Extra"]
[Source "ChessBase"]
[SourceDate "2011.08.29"]
[SourceVersion "1"]
[SourceVersionDate "2011.08.29"]
[SourceQuality "1"]

1. d4 d5 2. Nc3 e6 3. e4 dxe4 4. Nxe4 Bd7 5. Nf3 Bc6 6. Bd3 Nd7 7. 0-0 Ngf6 8. Ng3 Be7 9. Qe2 Bxf3 10. Qxf3 c6 11. Re1 0-0 12. c3 Re8 13. Bg5 Qa5 14. Bxf6 Nxf6 15. a4 Qd5 16. Qxd5 cxd5 17. Bb5 Red8 18. f3 Rac8 19. Nf5 Bf8 20. Ne3 Bd6 21. Nc2 Rc7 22. Bf1 Kf8 23. Na3 Re7 24. Nb5 Bb8 25. g3 a6 26. Na3 Ba7 27. Kg2 Rde8 28. Nc2 Bb8 29. Nb4 Bd6 30. Nd3 Nd7 31. a5 Rc8 32. Rac1 Nb8 33. f4 Nc6 34. b4 Ree8 35. Ra1 Nd8 36. Nc5 Bxc5 37. bxc5 Re7 38. Bd3 g6 39. Bc2 Rcc7 40. Ba4 f6 41. Rab1 Nc6 42. Bxc6 Rxc6 43. Re3 Kf7 44. Kf3 Kf8 45. Ke2 Ke8 46. Kd3 Kd8 47. h4 Ke8 48. g4 Kf7 49. g5 f5 50. Rh3 Ke8 51. h5 Rcc7 52. Rb6 Kf8 53. Rh1 Kg7 54. hxg6 hxg6 55. Rb2 Kg8 56. Rbh2 Rg7 57. Rh8+ Kf7 58. Rd8 Rg8 59. Rh7+ Rg7 60. Rhh8 Ke7 61. Rdf8 Kd7 62. Rf6 Kc6 63. c4 Rce7 64. Rh6 Rh7 65. Rfxg6 dxc4+ 66. Kxc4 Kd7 67. Rxh7 Rxh7 68. Rh6 Rg7 69. d5 exd5+ 70. Kxd5 Re7 71. g6 Re2 72. Rh7+ 1-0

[Event "Girona op 2nd"]
[Site "Girona"]
[Date "2011.07.19"]
[Round "6"]
[White "Serra Labrador, Carles"]
[Black "Parals Marce, Luis"]
[Result "1-0"]
[WhiteElo "2022"]
[BlackElo "2077"]
[PlyCount "124"]
[EventDate "2011.07.14"]
[EventType "swiss"]
[EventRounds "9"]
[EventCountry "ESP"]
[SourceTitle "CBM 143 Extra"]
[Source "ChessBase"]
[SourceDate "2011.08.29"]
[SourceVersion "1"]
[SourceVersionDate "2011.08.29"]
[SourceQuality "1"]

1. d4 d5 2. c4 e6 3. Nc3 Be7 4. cxd5 exd5 5. Qc2 Nf6 6. Bg5 0-0 7. e3 c6 8. Bd3 h6 9. Bh4 Re8 10. Nge2 Ne4 11. Bxe7 Qxe7 12. Bxe4 dxe4 13. Ng3 f5 14. d5 Na6 15. 0-0 Nb4 16. Qb3 Nxd5 17. Nxd5 cxd5 18. Qxd5+ Be6 19. Qe5 Qf7 20. Rfc1 Rac8 21. a3 b6 22. h3 Kh7 23. Kh2 Bd7 24. Qd6 Ba4 25. Qf4 g6 26. h4 h5 27. Ne2 Bc2 28. Ng1 Qb3 29. Nh3 Qxb2 30. Ng5+ Kg8 31. Qd6 Qg7 32. Qd5+ Kh8 33. g3 Qf6 34. Qf7 Qg7 35. Qa2 Bd3 36. Qe6 Qg8 37. Qd7 Bc4 38. Rxc4 Rxc4 39. Nf7+ Kh7 40. Nd6+ Qg7 41. Qxg7+ Kxg7 42. Nxe8+ Kf8 43. Nf6 Kf7 44. Nd5 Rc5 45. Nf4 Ra5 46. Kg2 b5 47. Kf1 b4 48. a4 b3 49. Ke2 b2 50. Rb1 Rxa4 51. Rxb2 a5 52. Rb7+ Kf6 53. Rb6+ Kf7 54. Rxg6 Ra2+ 55. Kf1 a4 56. Ra6 Ke7 57. Nxh5 Kd7 58. Ng7 Kc7 59. Ne6+ Kc8 60. h5 a3 61. h6 Ra1+ 62. Kg2 a2 1-0

[Event "Girona op 2nd"]
[Site "Girona"]
[Date "2011.07.15"]
[Round "2"]
[White "Serra Labrador, Carles"]
[Black "Vidal Palou, Jordi"]
[Result "1-0"]
[WhiteElo "2022"]
[BlackElo "1704"]
[PlyCount "41"]
[EventDate "2011.07.14"]
[EventType "swiss"]
[EventRounds "9"]
[EventCountry "ESP"]
[SourceTitle "CBM 143 Extra"]
[Source "ChessBase"]
[SourceDate "2011.08.29"]
[SourceVersion "1"]
[SourceVersionDate "2011.08.29"]
[SourceQuality "1"]

1. Nf3 Nf6 2. g3 g6 3. b4 Bg7 4. Bb2 d6 5. d4 0-0 6. Bg2 Nd5 7. a3 f5 8. c4 Nf6 9. Nbd2 e5 10. dxe5 dxe5 11. Nxe5 Re8 12. 0-0 Nh5 13. Bd5+ Kf8 14. f4 c6 15. Bg2 Bxe5 16. Bxe5 Rxe5 17. fxe5 Qd4+ 18. Kh1 f4 19. Nf3 Qe3 20. Qd8+ Kg7 21. Ng5 1-0

[Event "Girona-ch"]
[Site "Barcelona"]
[Date "2001.11.25"]
[Round "8"]
[White "Vilanova Guardiola, Josep Maria"]
[Black "Serra Labrador, Carles"]
[Result "0-1"]
[WhiteElo "1955"]
[BlackElo "2060"]
[PlyCount "102"]
[EventDate "2001.10.07"]
[EventType "swiss"]
[EventRounds "9"]
[EventCountry "ESP"]
[SourceTitle "EXT 2008"]
[Source "ChessBase"]
[SourceDate "2007.11.25"]
[SourceVersion "1"]
[SourceVersionDate "2007.11.25"]
[SourceQuality "1"]

1. c4 Nf6 2. Nc3 g6 3. d4 Bg7 4. e4 d6 5. Nge2 0-0 6. Ng3 e5 7. d5 c5 8. Be2 Qe7 9. h4 Ne8 10. h5 f5 11. hxg6 hxg6 12. exf5 gxf5 13. Bh5 Qf6 14. Bxe8 Rxe8 15. Qh5 Qf7 16. Qxf7+ Kxf7 17. Nb5 Rd8 18. Nc7 Na6 19. Nxa8 Bd7 20. Bd2 Rxa8 21. Ke2 b5 22. b3 Nc7 23. Rh7 Kg6 24. Rah1 Ne8 25. f3 a5 26. R7h2 a4 27. bxa4 Rxa4 28. Rb1 Rxc4 29. Nh5 Bf8 30. f4 e4 31. a4 Rxa4 32. Bc3 b4 33. Ba1 Ra2+ 34. Kf1 Bb5+ 35. Kg1 Bd3 36. Re1 c4 37. Ng3 c3 38. Rh8 Kg7 39. Rh5 Kg6 40. Rxf5 Bg7 41. Rg5+ Kf7 42. Nh5 Bd4+ 43. Kh2 b3 44. Bxc3 Bxc3 45. Re3 b2 46. Rh3 b1Q 47. Ng3 e3 48. f5 Ra1 49. Rh7+ Ng7 50. Kh3 Bxf5+ 51. Rxf5+ Kg6 0-1

[Event "Girona-ch"]
[Site "Barcelona"]
[Date "2001.11.04"]
[Round "5"]
[White "Serra Labrador, Carles"]
[Black "Muratet Casadevall, Elias"]
[Result "0-1"]
[WhiteElo "2060"]
[BlackElo "2015"]
[PlyCount "80"]
[EventDate "2001.10.07"]
[EventType "swiss"]
[EventRounds "9"]
[EventCountry "ESP"]
[SourceTitle "EXT 2008"]
[Source "ChessBase"]
[SourceDate "2007.11.25"]
[SourceVersion "1"]
[SourceVersionDate "2007.11.25"]
[SourceQuality "1"]

1. c4 g6 2. Nc3 Bg7 3. g3 d6 4. Bg2 c6 5. e3 Nf6 6. Nge2 0-0 7. 0-0 Be6 8. d3 Qd7 9. Nf4 Bg4 10. f3 Be6 11. Qe2 Na6 12. d4 Nc7 13. e4 Nh5 14. Rd1 Nxf4 15. Bxf4 Bh3 16. Rac1 Bxg2 17. Kxg2 Ne6 18. Be3 Nc7 19. h4 h5 20. b4 a6 21. Na4 Rab8 22. Nb6 Qd8 23. g4 Ne6 24. d5 Qxb6 25. Bxb6 Nf4+ 26. Kf1 Nxe2 27. Kxe2 Bf6 28. g5 Be5 29. Ke3 f5 30. Rf1 Bg3 31. f4 fxe4 32. Kxe4 Bxh4 33. Rf3 cxd5+ 34. cxd5 Rbc8 35. Rh1 Rc4+ 36. Bd4 Bxg5 37. Rg1 Bf6 38. Rd3 Bxd4 39. Rxd4 Rxd4+ 40. Kxd4 Rxf4+ 0-1

[Event "Terrassa op-B"]
[Site "Terrassa"]
[Date "1996.??.??"]
[Round "3"]
[White "Gonzalez Bello, A."]
[Black "Serra Labrador, Carles"]
[Result "1/2-1/2"]
[WhiteElo "1945"]
[BlackElo "1970"]
[PlyCount "67"]
[EventDate "1996.07.??"]
[EventType "swiss"]
[EventRounds "9"]
[EventCountry "ESP"]
[SourceTitle "EXT 2002"]
[Source "ChessBase"]
[SourceDate "2001.11.25"]
[SourceVersion "1"]
[SourceVersionDate "2001.11.25"]
[SourceQuality "1"]

1. e4 c5 2. Nf3 d6 3. d4 cxd4 4. Nxd4 Nf6 5. Nc3 a6 6. Be3 Ng4 7. Qd2 Nxe3 8. Qxe3 g6 9. Be2 Bg7 10. 0-0 0-0 11. Nb3 b5 12. Bf3 Bb7 13. e5 d5 14. Nd4 e6 15. Bg4 Qb6 16. Rfe1 Nd7 17. f4 Rac8 18. Rad1 Rc7 19. a3 Rfc8 20. Nce2 Nc5 21. Nc3 Bf8 22. Kh1 Na4 23. Nxa4 bxa4 24. Qc1 Bc5 25. Qd2 Qxb2 26. Nxe6 Re7 27. Nxc5 Rxc5 28. e6 f5 29. Bf3 Qxa3 30. Qd4 Qc3 31. Qxa4 a5 32. Qd7 Rc7 33. Qd8+ Kg7 34. Bxd5 1/2-1/2

[Event "Terrassa op-B"]
[Site "Terrassa"]
[Date "1996.??.??"]
[Round "6"]
[White "Serra Labrador, Carles"]
[Black "Estragues Hurtado, V."]
[Result "1/2-1/2"]
[WhiteElo "1970"]
[BlackElo "1820"]
[PlyCount "83"]
[EventDate "1996.07.??"]
[EventType "swiss"]
[EventRounds "9"]
[EventCountry "ESP"]
[SourceTitle "EXT 2002"]
[Source "ChessBase"]
[SourceDate "2001.11.25"]
[SourceVersion "1"]
[SourceVersionDate "2001.11.25"]
[SourceQuality "1"]

1. c4 e5 2. Nc3 Nc6 3. g3 d6 4. Bg2 Bd7 5. d3 g6 6. e3 Bg7 7. Nge2 Nge7 8. 0-0 0-0 9. h3 Qc8 10. Kh2 Be6 11. Rb1 Rb8 12. b4 b6 13. a4 a5 14. b5 Nd8 15. Nd5 Qd7 16. f4 c6 17. Nxe7+ Qxe7 18. bxc6 Qc7 19. d4 exd4 20. exd4 Bf5 21. Rb3 Nxc6 22. Ba3 Rfe8 23. Qd2 Rxe2 24. Qxe2 Nxd4 25. Qe3 Nxb3 26. Qxb3 Be6 27. Bd5 Bd4 28. Rc1 Qd7 29. g4 Qc7 30. Bb2 Qc5 31. Re1 Bxb2 32. Qxb2 Bxd5 33. cxd5 Qxd5 34. f5 Qc5 35. f6 Qb4 36. Qc1 Qd4 37. Rf1 Re8 38. Qh6 Qe5+ 39. Kg2 Qe2+ 40. Rf2 Qe4+ 41. Kg1 Qe1+ 42. Kg2 1/2-1/2

[Event "Terrassa op-B"]
[Site "Terrassa"]
[Date "1996.??.??"]
[Round "2"]
[White "Serra Labrador, Carles"]
[Black "Felipo Pages, Danilo"]
[Result "1/2-1/2"]
[WhiteElo "1970"]
[BlackElo "1875"]
[PlyCount "77"]
[EventDate "1996.07.??"]
[EventType "swiss"]
[EventRounds "9"]
[EventCountry "ESP"]
[SourceTitle "EXT 2002"]
[Source "ChessBase"]
[SourceDate "2001.11.25"]
[SourceVersion "1"]
[SourceVersionDate "2001.11.25"]
[SourceQuality "1"]

1. d4 Nf6 2. c4 c6 3. Nc3 d5 4. cxd5 cxd5 5. Nf3 Nc6 6. Bf4 a6 7. e3 Bf5 8. a3 e6 9. Bd3 Bxd3 10. Qxd3 h6 11. 0-0 Nh5 12. Rfe1 Be7 13. Bg3 0-0 14. b4 Nxg3 15. hxg3 b5 16. Rac1 Qd7 17. Ne5 Nxe5 18. dxe5 Rad8 19. Ne2 f6 20. exf6 Bxf6 21. e4 dxe4 22. Qxe4 Qd5 23. Nf4 Qxe4 24. Rxe4 Bb2 25. Rce1 Rd2 26. Rxe6 Bxa3 27. Rxa6 Bxb4 28. Rb1 Bc5 29. Rxb5 Bxf2+ 30. Kh2 Bd4 31. Ne6 Re8 32. Nxd4 Rxd4 33. Rb7 Rg4 34. Ra3 Re1 35. Rb2 Rg5 36. Rb4 Kh7 37. g4 Re6 38. Kh3 Reg6 39. g3 1/2-1/2